Vogelarten mit A - Statistiken

Allgemein
  • Dieses Quiz wurde 31 mal gespielt
  • Das Durchschnittsergebnis liegt bei 3 aus 335
Antwortstatistiken
Vogel % Korrekt
Amsel
97%
Auerhuhn
23%
Austernfischer
23%
Alpenschneehuhn
20%
Alpendohle
17%
Alpensegler
13%
Alpenstrandläufer
13%
Andenkondor
13%
Alpenbraunelle
10%
Alpenkrähe
10%
Adlerbussard
7%
Aztekenmöwe
7%
Adeliepinguin
3%
Afrikanischer Strauß
3%
Amerikakrähe
3%
Armeniermöwe
3%
Atlantiksturmtaucher
3%
Abbottstar
0%
Abdimstorch
0%
Abendammer
0%
Aberdarezistensänger
0%
Abessiniendrossel
0%
Acapulcoblaurabe
0%
Adamaua-Turteltaube
0%
Adamsschneesperling
0%
Adensperling
0%
Adlerfregattvogel
0%
Adlerschnabel
0%
Affenadler
0%
Afghanistandrosselhäherling
0%
Afrikabekassine
0%
Afrikadrossel
0%
Afrikakauz
0%
Afrikakuckuck
0%
Afrikamittelreiher
0%
Afrikanische Binsenralle
0%
Afrikanischer Baumfalke
0%
Afrikanischer Silberschnabel
0%
Afrikanischer Wollhalsstorch
0%
Afrikaruderente
0%
Afrika-Schlangenhalsvogel
0%
Afrikasmaragdspint
0%
Afrika-Waldohreule
0%
Afrikawiedehopf
0%
Afrika-Zwergohreule
0%
Aguijanrohrsänger
0%
Agulhas-Langschnabellerche
0%
Ährenträgerpfau
0%
Ajaxflöter
0%
Akazienadler
0%
Akaziendrossel
0%
Akaziendrosselhäherling
0%
Akaziengrasmücke
0%
Akazienhäher
0%
Akazien-Langschnabellerche
0%
Akazienrußmeise
0%
Akazienschnäpper
0%
Akazienzaunkönig
0%
'Akiapola'au
0%
Alagoasameisenschlüpfer
0%
Alagoasblattspäher
0%
Alariogirlitz
0%
Alaschan-Rotschwanz
0%
Albertistaube
0%
Albertzwergkauz
0%
Aldabrabrillenvogel
0%
Aldabradrongo
0%
Aldabraspötter
0%
Alektoweber
0%
Aleutenalk
0%
Aleutenseeschwalbe
0%
Alexandersegler
0%
Alexandersittich
0%
Alexandrasittich
0%
Alicesmaragdkolibri
0%
Allfarblori
0%
Almenschmätzer
0%
Alström-Laubsänger
0%
Alta-Floresta-Ameisenpitta
0%
Altaikönigshuhn
0%
Altiplano-Erdhacker
0%
Amamiwaldschnepfe
0%
Amaninektarvogel
0%
Amazonasameisenfänger
0%
Amazonasbaumsteiger
0%
Amazonasente
0%
Amazonasfischer
0%
Amazonashokko
0%
Amazonasmotmot
0%
Amazonasralle
0%
Amazonasseeschwalbe
0%
Amazonaszwergkauz
0%
Amazonien-Bindenbaumsteiger
0%
Amazonien-Strichelameisenschlüpfer
0%
Amazonien-Tropfenameisenwürger
0%
Ambarovanga
0%
Amboimwürger
0%
Amboinasittich
0%
Ambonbrillenvogel
0%
Ameisenbrillenvogel
0%
Amerikabaumläufer
0%
Amerikanische Brandseeschwalbe
0%
Amerikanische Pfuhlschnepfe
0%
Amerikanischer Säbelschnäbler
0%
Amerikanischer Stelzenläufer
0%
Amerikanische Silbermöwe
0%
Amerikanische Zwergdommel
0%
Amerika-Sandregenpfeifer
0%
Amerikascherenschnabel
0%
Amerika-Schlangenhalsvogel
0%
Amerikaschleiereule
0%
Amethystglanzköpfchen
0%
Amethystglanzstar
0%
Amethystkuckuck
0%
Amethystohrkolibri
0%
Amethystrennvogel
0%
Amethystsonnennymphe
0%
Amethyststernkolibri
0%
Amethysttaube
0%
Amharazistensänger
0%
Amharentaube
0%
Ammernlerche
0%
Amsterdam-Albatros
0%
Amsterdamente
0%
Amurbussard
0%
Amurfalke
0%
Anambraastrild
0%
Ancashtapaculo
0%
Andamanenbaumelster
0%
Andamanenbülbül
0%
Andamanendrongo
0%
Andamanen-Grüntaube
0%
Andamanenkauz
0%
Andamanenkuckuck
0%
Andamanen-Kuckuckstaube
0%
Andamanen-Mistelfresser
0%
Andamanennachtschwalbe
0%
Andamanen-Pompadourtaube
0%
Andamanenralle
0%
Andamanenschama
0%
Andamanenschlangenadler
0%
Andamanenschleiereule
0%
Andamanenspecht
0%
Andamanenstar
0%
Andamanentaube
0%
Andamanen-Zwergohreule
0%
Andenamazilie
0%
Anden-Bartvogel
0%
Andenbekassine
0%
Andenblässhuhn
0%
Andenbussard
0%
Andenfelsenhahn
0%
Andenflamingo
0%
Andenguan
0%
Andenibis
0%
Andenkardinal
0%
Andenkiebitz
0%
Andenklarino
0%
Andenkreischeule
0%
Andenmeisenschlüpfer
0%
Andenmöwe
0%
Andennachtschwalbe
0%
Andenruderente
0%
Andensäbelschnäbler
0%
Andenschwalbe
0%
Andensegler
0%
Andensittich
0%
Andentagschläfer
0%
Andentaucher
0%
Andentinamu
0%
Andenzaunkönig
0%
Andenzeisig
0%
Andenzwergkauz
0%
Andenzwergspecht
0%
Angelina-Zwergohreule
0%
Angolabülbül
0%
Angola-Bülbülgrasmücke
0%
Angoladrongoschnäpper
0%
Angolagirlitz
0%
Angolagrünastrild
0%
Angolalerche
0%
Angolanektarvogel
0%
Angolapitta
0%
Angola-Schmetterlingsfink
0%
Angolaschnäpper
0%
Angolaschwalbe
0%
Angolazistensänger
0%
Anjouannektarvogel
0%
Anjouanspötter
0%
Anjouan-Zwergohreule
0%
Ankobergirlitz
0%
Annakleidervogel
0%
Annakolibri
0%
Annambartvogel
0%
Annampfaufasan
0%
Annobón-Zwergohreule
0%
Ansellkuckuck
0%
Ansorgebülbül
0%
Antarktiksturmvogel
0%
Antarktisscharbe
0%
Antarktisseeschwalbe
0%
Anthrazitbuschammer
0%
Anthrazitstirnvogel
0%
Antillendrossel
0%
Antillengrackel
0%
Antillenhaubenkolibri
0%
Antillenkrähe
0%
Antillennachtschwalbe
0%
Antillensaltator
0%
Antillenschwalbe
0%
Antillenseeschwalbe
0%
Antillensegler
0%
Antillentaube
0%
Antillenwaldsänger
0%
Antioquia-Buschammer
0%
Antioquiakolibri
0%
Antioquiatapaculo
0%
Antioquiazaunkönig
0%
Antipoden-Albatros
0%
Antipodensittich
0%
Apapanekleidervogel
0%
Aplomadofalke
0%
Apolinarzaunkönig
0%
Appertmadagaskarsänger
0%
Äquatorameisenpitta
0%
Arabiengimpel
0%
Arabiensmaragdspint
0%
Arabienspecht
0%
Arabiensteinschmätzer
0%
Arabientrappe
0%
Arabienwüstenhuhn
0%
Arabien-Zwergohreule
0%
Araripepipra
0%
Araukanertaube
0%
Araukarienmeisenschlüpfer
0%
Archboldbergschwalm
0%
Archboldlaubenvogel
0%
Archboldnachtschwalbe
0%
Arfakbeerenpicker
0%
Arfakbrillenvogel
0%
Arfakhonigfresser
0%
Arfaklori
0%
Arfaknonne
0%
Arfak-Sericornis
0%
Argalamarabu
0%
Argusfasan
0%
Argusnachtschwalbe
0%
Aricaelfe
0%
Arielfregattvogel
0%
Arielschwalbe
0%
Arizonaspecht
0%
Arizonawaldsänger
0%
Arkansaskönigstyrann
0%
Aruhonigfresser
0%
Aruliest
0%
Aruschnäpper
0%
Ascension-Ralle
0%
Aschbrustämmerling
0%
Aschbrust-Honigfresser
0%
Aschbrustschnäpper
0%
Aschbülbül
0%
Aschgrauer Ameisenfänger
0%
Aschkopf-Pompadourtaube
0%
Aschkopfvireo
0%
Ashlerche
0%
Asiatische Kragentrappe
0%
Asienmittelreiher
0%
Asien-Wollhalsstorch
0%
Assamhäherling
0%
Atacamakolibri
0%
Äthiopienwürger
0%
Äthiopienzistensänger
0%
Atitlántaucher
0%
Atiusalangane
0%
Atlantischer Gelbnasenalbatros
0%
Atlantisralle
0%
Atlasgimpel
0%
Atlasgrasmücke
0%
Atlasgrünspecht
0%
Atlassteinschmätzer
0%
Atollstar
0%
Aucklandralle
0%
Aucklandscharbe
0%
Aucklandschnepfe
0%
Augenbrauenhäherling
0%
Augenbrauen-Laubdrossling
0%
Augenbrauensperling
0%
Augenflecken-Baumsteiger
0%
Augenfleckenralle
0%
Augennachtschwalbe
0%
Augenralle
0%
Augenringwaldsänger
0%
Augenstreif-Scheindrossel
0%
Augenstreifschnäpper
0%
Augenwachtel
0%
Augurbussard
0%
Auroraastrild
0%
Auroragimpel
0%
Austenhornvogel
0%
Australienaar
0%
Australien-Schleiereule
0%
Australische Lachseeschwalbe
0%
Australischer Austernfischer
0%
Australischer Baumfalke
0%
Australischer Feigenpirol
0%
Australische Rohrdommel
0%
Australischer Zwergtaucher
0%
Australrohrsänger
0%
Australscharlachschnäpper
0%
Austral-Schlangenhalsvogel
0%
Australseeschwalbe
0%
Australtölpel
0%
Australzwergkauz
0%
Avosettkolibri
0%
Ayacucho-Ameisenpitta
0%
Ayeyarwadybülbül
0%
Aymarasittich
0%
Aymaratäubchen
0%
Azaradickichtschlüpfer
0%
Azorenbuchfink
0%
Azorengimpel
0%
Azorenwellenläufer
0%
Azteken-Bartvogel
0%
Aztekendrossel
0%
Azurbandpitta
0%
Azurblaurabe
0%
Azurfeenvogel
0%
Azurfink
0%
Azurkopftangare
0%
Azurkotinga
0%
Azurracke
0%
Azurschnäpper
0%
Azurstirnkardinal
0%
Azursultanshuhn
0%
Azurzwergfischer
0%
Keine übereinstimmenden Quizze gefunden
Verteilung der Resultate
Anzahl Personen mit jedem Resultat
Perzentil nach korrekt beantworteten Fragen
Ihre Resultats-Entwicklung
Sie haben dieses Quiz noch nicht gespielt